| 000 | 01109nam a22002057a 4500 | ||
|---|---|---|---|
| 999 |
_c63595 _d63595 |
||
| 003 | Ge_BSU | ||
| 005 | 20251112143305.0 | ||
| 008 | 251112s1996 ge |||||s|||| 00| 0 geo d | ||
| 041 | _ageo | ||
| 080 | _a331.5(042.4) ც-21 | ||
| 100 |
_aცარციძე, მურმან _913197 |
||
| 245 |
_aსამუშაო ძალის ბაზარი და ხელფასის ორგანიზაციის მექანიზმი : _b(ლექციების კურსი. ნაწ. 1) / _cმურმან ცარციძე, ნათელა ლაცაბიძე; [რედ. ოთარ საღარეიშვილი]. |
||
| 264 |
_aთბილისი : _bნიკე, _c1996. |
||
| 300 |
_a200 გვ.; _b20 სმ. |
||
| 653 | _aსამუშაო ძალის ბაზარი | ||
| 653 | _aხელფასი | ||
| 700 |
_aლაცაბიძე, ნათელა _eავტორი _926200 |
||
| 700 |
_aსაღარეიშვილი, ოთარ _eრედაქტორი _926201 |
||
| 942 |
_2udc _cᲬᲘᲒᲜᲘ |
||